[Event "39th TCh-GRE"]
[Site "Eretria GRE"]
[Date "2011.07.06"]
[Round "5.4"]
[White "Mladenov, Plamen"]
[Black "Kalesis, Nikolaos"]
[Result "1/2-1/2"]
[WhiteTitle "IM"]
[BlackTitle "IM"]
[WhiteElo "2391"]
[BlackElo "2480"]
[WhiteTeam "Chess Academy Thes. Galaxias"]
[BlackTeam "AEK"]
[WhiteFideId "2906198"]
[BlackFideId "4200438"]
[EventDate "2011.07.03"]

1. d4 Nf6 2. Nf3 e6 3. e3 c5 4. Bd3 b6 5. O-O Bb7 6. b3 Be7 7. Bb2 Nc6 8. Nbd2
Qc7 9. a3 O-O 10. Qe2 cxd4 11. exd4 Rac8 12. Rac1 Rfe8 13. Rfe1 Qb8 14. Ne5 d6
15. Nxc6 Bxc6 16. Ne4 Bxe4 17. Bxe4 Nxe4 18. Qxe4 Qa8 19. Qxa8 Rxa8 20. c4 Bf6
21. Kf1 Rec8 22. Ke2 d5 23. cxd5 exd5 24. Kd3 h5 25. Rxc8+ Rxc8 26. Rc1 Rxc1 27.
Bxc1 Kh7 28. Bf4 Kg6 29. Bb8 a6 30. Be5 Be7 31. a4 1/2-1/2

[Event "39th TCh-GRE"]
[Site "Eretria GRE"]
[Date "2011.07.06"]
[Round "5.4"]
[White "Moutousis, Konstantinos"]
[Black "Vragoteris, Antonios"]
[Result "1-0"]
[WhiteTitle "IM"]
[BlackTitle "FM"]
[WhiteElo "2431"]
[BlackElo "2256"]
[WhiteTeam "AEK"]
[BlackTeam "Chess Academy Thes. Galaxias"]
[WhiteFideId "4200071"]
[BlackFideId "4200110"]
[EventDate "2011.07.03"]

1. e4 c5 2. Nf3 Nc6 3. Bb5 d6 4. O-O Bd7 5. Re1 Nf6 6. c3 a6 7. Bf1 Bg4 8. h3
Bxf3 9. Qxf3 g6 10. Qd1 Bh6 11. Na3 O-O 12. Nc2 Rc8 13. g3 e5 14. Bg2 d5 15.
exd5 Nxd5 16. d4 Bxc1 17. Rxc1 exd4 18. cxd4 c4 19. a3 b5 20. Qf3 Nb6 21. d5 Ne7
22. Rcd1 Qd6 23. Nb4 Nf5 24. h4 Na4 25. Rd2 a5 26. Na2 b4 27. axb4 axb4 28. Bh3
c3 29. bxc3 bxc3 30. Rd3 Qa3 31. Bxf5 gxf5 32. Qxf5 Qxa2 33. Rd4 Rc4 34. Qg4+
Kh8 35. Rxc4 1-0

[Event "39th TCh-GRE"]
[Site "Eretria GRE"]
[Date "2011.07.06"]
[Round "5.4"]
[White "Haritopoulou, Maria-anna"]
[Black "Cmilyte, Viktorija"]
[Result "0-1"]
[BlackTitle "GM"]
[WhiteElo "1656"]
[BlackElo "2528"]
[WhiteTeam "Chess Academy Thes. Galaxias"]
[BlackTeam "AEK"]
[WhiteFideId "4224264"]
[BlackFideId "12801259"]
[EventDate "2011.07.03"]

1. d4 f5 2. c4 Nf6 3. Nc3 d6 4. Nf3 g6 5. g3 Bg7 6. Bg2 O-O 7. O-O c6 8. Re1 Ne4
9. Ng5 Nxc3 10. bxc3 h6 11. Nf3 Qa5 12. Bb2 Na6 13. e4 fxe4 14. Rxe4 e5 15. Re1
Bg4 16. h3 Bxf3 17. Bxf3 exd4 18. cxd4 Qb4 19. Rb1 Rf7 20. Be2 Raf8 21. Rf1 Qa5
22. a3 d5 23. cxd5 Qxd5 24. Qd3 Kh7 25. Qc4 Qd6 26. Rbd1 Nc7 27. Qb4 Qxb4 28.
axb4 a6 29. Bc4 Rd7 30. Rd2 Rfd8 31. Rfd1 Bf8 32. Bc3 Nd5 33. Bxd5 Rxd5 34. Kg2
Rb5 35. Rb2 g5 36. Kf3 Re8 37. Re1 Rxe1 38. Bxe1 a5 39. Ke3 Bxb4 40. Bxb4 Rxb4
41. Ra2 a4 42. Kd3 Kg6 43. Kc3 Rb3+ 44. Kc4 b5+ 45. Kc5 a3 46. Kxc6 b4 47. d5
Rb2 48. Ra1 a2 49. d6 Rc2+ 50. Kb5 b3 51. Ka4 b2 52. d7 bxa1=Q 53. d8=Q Rc4+ 54.
Kb5 Qe5+ 55. Kxc4 Qe6+ 56. Kb4 a1=Q 57. Qd3+ Qf5 58. Qd6+ Qaf6 0-1

[Event "39th TCh-GRE"]
[Site "Eretria GRE"]
[Date "2011.07.06"]
[Round "5.4"]
[White "Pahaki, Hristina-Despoina"]
[Black "Mitrou, Vasiliki"]
[Result "0-1"]
[WhiteElo "1646"]
[BlackElo "1766"]
[WhiteTeam "AEK"]
[BlackTeam "Chess Academy Thes. Galaxias"]
[WhiteFideId "4238621"]
[BlackFideId "4218566"]
[EventDate "2011.07.03"]

1. e4 d6 2. d4 Nf6 3. Nc3 g6 4. Bc4 Bg7 5. f3 c6 6. a4 O-O 7. g4 d5 8. g5 dxc4
9. gxf6 Bxf6 10. Bh6 Re8 11. f4 Qxd4 12. Qe2 Bh4+ 13. Kf1 Bg4 14. Qg2 Rd8 15.
Nf3 Bh3 0-1

[Event "39th TCh-GRE"]
[Site "Eretria GRE"]
[Date "2011.07.06"]
[Round "5.4"]
[White "Kosmas-Lekkas, Dimitiros"]
[Black "Galopoulos, Nikolaos"]
[Result "0-1"]
[WhiteElo "2193"]
[BlackElo "2327"]
[WhiteTeam "AEK"]
[BlackTeam "Chess Academy Thes. Galaxias"]
[WhiteFideId "4211936"]
[BlackFideId "4208951"]
[EventDate "2011.07.03"]

1. d4 Nf6 2. c4 e6 3. Nc3 Bb4 4. Qc2 O-O 5. a3 Bxc3+ 6. Qxc3 Ne4 7. Qc2 f5 8.
Nh3 d6 9. f3 Nf6 10. e3 e5 11. dxe5 dxe5 12. Nf2 Qe7 13. Be2 Nc6 14. O-O Be6 15.
b3 Rad8 16. Qc3 a5 17. Re1 Rfe8 18. Bb2 Qc5 19. Bd3 Rd7 20. Bc2 Qe7 21. Rad1
Rxd1 22. Rxd1 Qf7 23. Bd3 b6 24. Be2 Qe7 25. f4 exf4 26. exf4 Bf7 27. Bf3 Nd4
28. Rf1 c5 29. Kh1 Bh5 30. Bxh5 Nxh5 31. Nd3 Qh4 32. Rf3 Nxf3 33. gxf3 Re2 0-1

[Event "39th TCh-GRE"]
[Site "Eretria GRE"]
[Date "2011.07.06"]
[Round "5.5"]
[White "Kempinski, Robert"]
[Black "Bologan, Viktor"]
[Result "1-0"]
[WhiteTitle "GM"]
[BlackTitle "GM"]
[WhiteElo "2600"]
[BlackElo "2678"]
[WhiteTeam "E.O.A.O. Fysiolatris Nikaia"]
[BlackTeam "Chess Union Amfissa"]
[WhiteFideId "1105663"]
[BlackFideId "13900048"]
[EventDate "2011.07.03"]

1. d4 Nf6 2. c4 g6 3. Nf3 Bg7 4. g3 c5 5. Bg2 Qa5+ 6. Bd2 Qb6 7. dxc5 Qxc5 8.
Qb3 Nc6 9. Nc3 O-O 10. Be3 Qa5 11. O-O d6 12. h3 Rb8 13. Rac1 Bd7 14. a3 Rfc8
15. Qa2 a6 16. b4 Qd8 17. Rfd1 b5 18. c5 Be6 19. Qb1 Bf5 20. Qb3 Be6 21. Qb1 a5
22. Nd4 Nxd4 23. Bxd4 axb4 24. Qxb4 Nd7 25. cxd6 Bf8 26. Nxb5 Rxc1 27. Rxc1 exd6
28. Bb2 Ne5 29. a4 Bd7 30. f4 Bxb5 31. axb5 Nd7 32. Qc3 f6 33. Bc6 Be7 34. Kg2
Nc5 35. Ra1 Qc7 36. Qc4+ Kg7 37. g4 h6 38. Bc3 g5 39. e3 d5 40. Bxd5 1-0

[Event "39th TCh-GRE"]
[Site "Eretria GRE"]
[Date "2011.07.06"]
[Round "5.5"]
[White "Georgakopoulos, Nikolaos"]
[Black "Kapnisis, Spyridon"]
[Result "1-0"]
[BlackTitle "GM"]
[WhiteElo "2283"]
[BlackElo "2529"]
[WhiteTeam "Chess Union Amfissa"]
[BlackTeam "E.O.A.O. Fysiolatris Nikaia"]
[WhiteFideId "4210891"]
[BlackFideId "4203445"]
[EventDate "2011.07.03"]

1. e4 e5 2. Nf3 Nc6 3. Bb5 a6 4. Ba4 Nf6 5. O-O b5 6. Bb3 Bb7 7. d3 Bd6 8. a4
O-O 9. Nc3 Nd4 10. Nxd4 exd4 11. Ne2 c5 12. Ba2 Bc7 13. Ng3 d5 14. exd5 Qd6 15.
Bg5 Nxd5 16. Qh5 f5 17. Rfe1 Kh8 18. Re2 f4 19. Ne4 Qc6 20. Bxd5 Qxd5 21. f3 c4
22. Rae1 cxd3 23. cxd3 bxa4 24. Rc1 Bb6 25. h4 Bc8 26. Nf6 Qf5 27. Rc6 gxf6 28.
Bxf6+ Rxf6 29. Re8+ Rf8 30. Rxf8+ Qxf8 31. Qe5+ Kg8 32. Qd5+ Qf7 33. Qg5+ Qg7
34. Qd5+ Qf7 35. Qg5+ Kf8 36. Rf6 Be6 37. Qh6+ Ke7 38. Rxf7+ Kxf7 39. Qxh7+ Kf6
40. Qb7 Rc8 41. Qxb6 Ke5 42. Qa5+ Bd5 43. Qxa4 Rc1+ 44. Kh2 Rb1 45. Qc2 Re1 46.
Qc7+ Kf5 47. Qd7+ Ke5 48. Qg7+ 1-0

[Event "39th TCh-GRE"]
[Site "Eretria GRE"]
[Date "2011.07.06"]
[Round "5.5"]
[White "Havlikova, Kristyna"]
[Black "Themeli, Dimitra"]
[Result "1-0"]
[WhiteTitle "WIM"]
[WhiteElo "2280"]
[BlackElo "1684"]
[WhiteTeam "Chess Union Amfissa"]
[BlackTeam "E.O.A.O. Fysiolatris Nikaia"]
[WhiteFideId "309672"]
[BlackFideId "4227689"]
[EventDate "2011.07.03"]

1. e4 d5 2. exd5 Qxd5 3. Nc3 Qd6 4. d4 g6 5. Nf3 Nf6 6. Nb5 Qb6 7. c4 c6 8. Nc3
Bg4 9. Be2 Nbd7 10. O-O Bg7 11. h3 Bxf3 12. Bxf3 O-O 13. Rb1 Rad8 14. Be3 Qc7
15. Qb3 Nb6 16. a4 Rfe8 17. Rbc1 e6 18. Rfd1 Rd7 19. a5 Nc8 20. Qa4 Ne7 21. d5
exd5 22. cxd5 c5 23. Bxc5 Qxc5 24. Nb5 Qxc1 25. Rxc1 Nexd5 26. Nxa7 Red8 27. Rc8
Rxc8 28. Nxc8 Rc7 29. Nb6 Nxb6 30. axb6 Re7 31. Bxb7 Bf8 32. Bc6 Re1+ 33. Kh2
Bd6+ 34. g3 Re2 35. Qd4 Be5 36. Qc5 Bb8 37. b4 Kg7 38. b7 Re6 39. Kg2 h5 40. b5
Kg8 41. Bd7 Nxd7 42. Qc8+ Kg7 43. Qxd7 Kf8 44. f4 Re7 45. Qc8+ Re8 46. Qc5+ Kg7
47. Qd4+ Kf8 48. Kf3 Kg8 49. Qd7 Kf8 50. f5 Re7 51. Qc8+ Re8 52. Qc5+ Kg7 53.
Qd4+ Kg8 54. Qd7 Rf8 55. f6 Kh7 56. g4 hxg4+ 57. hxg4 g5 58. Qc8 Kg8 59. Qc1 Bf4
60. Qh1 1-0

[Event "39th TCh-GRE"]
[Site "Eretria GRE"]
[Date "2011.07.06"]
[Round "5.5"]
[White "Hristodoulaki, Antonia"]
[Black "Habesi, Anastasia"]
[Result "1-0"]
[WhiteElo "1921"]
[BlackElo "1687"]
[WhiteTeam "E.O.A.O. Fysiolatris Nikaia"]
[BlackTeam "Chess Union Amfissa"]
[WhiteFideId "4214935"]
[BlackFideId "4221311"]
[EventDate "2011.07.03"]

1. Nf3 Nf6 2. c4 g6 3. b4 Bg7 4. Bb2 O-O 5. e3 d5 6. Be2 Nbd7 7. d4 dxc4 8. Bxc4
Nb6 9. Bb3 Bg4 10. Nc3 Nbd5 11. Nxd5 Nxd5 12. a3 c6 13. h3 Bc8 14. O-O a5 15. e4
Nf6 16. Qd3 Qb6 17. Bc3 a4 18. Ba2 Nd7 19. Ng5 Nf6 20. Qf3 e6 21. h4 h6 22. Nh3
Qc7 23. Rfd1 Bd7 24. Rac1 Rad8 25. Re1 e5 26. dxe5 Nh7 27. Qg3 Bxh3 28. gxh3 Kh8
29. Red1 Rde8 30. Rd6 Qe7 31. e6 fxe6 32. Rxe6 Qd7 33. Rxg6 1-0

[Event "39th TCh-GRE"]
[Site "Eretria GRE"]
[Date "2011.07.06"]
[Round "5.5"]
[White "Tsamantani, Eleni-Marina"]
[Black "Drakaki, Anna-Maria"]
[Result "0-1"]
[WhiteElo "1389"]
[BlackElo "1742"]
[WhiteTeam "Chess Union Amfissa"]
[BlackTeam "E.O.A.O. Fysiolatris Nikaia"]
[WhiteFideId "4249810"]
[BlackFideId "4225210"]
[EventDate "2011.07.03"]

1. d4 g6 2. Nf3 Bg7 3. Bg5 Nf6 4. e3 O-O 5. Be2 d6 6. O-O Ne4 7. Bh4 c5 8. c3
Nc6 9. Nbd2 Nxd2 10. Qxd2 Qc7 11. Bg3 e5 12. Rac1 Qe7 13. h3 f5 14. Bc4+ Kh8 15.
Rb1 a6 16. a3 b5 17. Be2 Bb7 18. b3 Rae8 19. d5 Nd8 20. c4 bxc4 21. bxc4 Nf7 22.
Rb3 Bc8 23. Rfb1 f4 24. Bh2 e4 25. Ne1 f3 26. Bf1 fxg2 27. Bxg2 Ng5 28. Bg3 Bxh3
29. R3b2 Bxb2 30. Rxb2 Bxg2 31. Nxg2 Nf3+ 0-1

[Event "39th TCh-GRE"]
[Site "Eretria GRE"]
[Date "2011.07.06"]
[Round "5.5"]
[White "Michelakos, Panagiotis"]
[Black "Megalios, Konstantinos"]
[Result "0-1"]
[WhiteElo "2111"]
[BlackElo "2008"]
[WhiteTeam "E.O.A.O. Fysiolatris Nikaia"]
[BlackTeam "Chess Union Amfissa"]
[WhiteFideId "4216067"]
[BlackFideId "4238044"]
[EventDate "2011.07.03"]

1. d4 Nf6 2. c4 e6 3. Nc3 Bb4 4. e3 c5 5. Ne2 cxd4 6. exd4 d5 7. c5 Ne4 8. f3
Nxc3 9. bxc3 Ba5 10. Qc2 Nc6 11. Be3 O-O 12. Rd1 e5 13. Kf2 Qh4+ 14. g3 Qf6 15.
Bg2 b6 16. Rhf1 Bf5 17. Qa4 Rac8 18. Kg1 bxc5 19. dxc5 Rfd8 20. Bf2 Qg6 21. Rc1
Bd3 22. Rfe1 d4 23. f4 Bxe2 24. Rxe2 Bxc3 25. Bxc6 Qxc6 26. Qxc6 Rxc6 27. Rxe5
Kf8 28. Kg2 f6 29. Re2 Rxc5 30. Rd1 Ra5 31. Rd3 Kf7 32. Rc2 Rad5 33. Kf3 f5 34.
h3 g6 35. Rc1 Ke6 36. Be1 Bxe1 37. Rxe1+ Kd6 38. Red1 Kc6 39. g4 Ra5 40. R1d2
Ra4 41. g5 Kd5 42. Rb3 Rd6 43. h4 Rb6 44. Rbd3 Rb1 45. Re2 Kc4 46. Red2 Kd5 47.
Re2 Rf1+ 48. Kg3 Ra1 49. Rdd2 Ra3+ 50. Kg2 d3 51. Re8 R1xa2 52. Rd8+ Ke4 53.
Rxd3 Rxd2+ 54. Rxd2 Kxf4 55. Rd4+ Ke3 56. Rd7 Ra2+ 57. Kh3 Ra3 58. Kg2 Kf4 59.
Rd4+ Ke5 60. Rd7 f4 61. Rf7 a5 62. Rf8 a4 63. Rf7 Ke4 64. Rxh7 Ra2+ 65. Kg1 Kf3
66. Rd7 Kg3 67. Rd3+ f3 68. Rd1 Kxh4 0-1

[Event "39th TCh-GRE"]
[Site "Eretria GRE"]
[Date "2011.07.06"]
[Round "5.5"]
[White "Oikonomou, Panagiotis Ch."]
[Black "Papadopoulos, Asterios"]
[Result "1/2-1/2"]
[WhiteElo "1496"]
[BlackElo "1578"]
[WhiteTeam "Chess Union Amfissa"]
[BlackTeam "E.O.A.O. Fysiolatris Nikaia"]
[WhiteFideId "4274180"]
[BlackFideId "4227875"]
[EventDate "2011.07.03"]

1. d4 d5 2. Nf3 Nf6 3. Bg5 e6 4. e3 h6 5. Bh4 Nbd7 6. Bd3 Be7 7. Nbd2 O-O 8. O-O
c5 9. c3 b6 10. Re1 Bb7 11. Qe2 Ne4 12. Bxe7 Qxe7 13. Bc2 Rac8 14. Nxe4 dxe4 15.
Nd2 Nf6 16. Rad1 Rfd8 17. Nf1 Qc7 18. Ng3 g6 19. Bb1 h5 20. h3 Kg7 21. Rd2 h4
22. Nf1 Rh8 23. dxc5 Qxc5 24. Red1 g5 25. Nh2 Qc7 26. Rd4 Rhd8 27. Ng4 Rxd4 28.
Rxd4 Bd5 29. Nxf6 Kxf6 30. a3 Qb7 31. Qh5 Rg8 32. Qg4 e5 33. Rd2 Ke7 34. Qf5 f6
35. Qh7+ Ke8 36. Bxe4 Qxh7 37. Bxh7 Rg7 38. Rxd5 Rxh7 39. Kf1 Ke7 40. Ke2 Ke6
41. Rd2 f5 42. f3 Rg7 43. Kd1 g4 44. hxg4 fxg4 45. fxg4 Rxg4 46. Kc2 Kf5 47. Kd3
Rg7 48. Rf2+ Ke6 49. c4 Rg3 50. Rc2 Rg7 51. b4 Rg3 52. c5 bxc5 53. bxc5 Kd5 54.
Rc4 Rxg2 55. c6 Rg8 56. c7 Rc8 57. Rxh4 Rxc7 58. e4+ Kc5 59. Rh1 Rd7+ 60. Ke3
Kc4 61. Rh5 Rd3+ 62. Ke2 Rxa3 63. Rxe5 Kd4 64. Re7 Re3+ 65. Kd2 Rxe4 1/2-1/2

[Event "39th TCh-GRE"]
[Site "Eretria GRE"]
[Date "2011.07.06"]
[Round "5.6"]
[White "Kritz, Leonid"]
[Black "Zubarev, Alexander1"]
[Result "0-1"]
[WhiteTitle "GM"]
[BlackTitle "GM"]
[WhiteElo "2615"]
[BlackElo "2597"]
[WhiteTeam "Heraklion CC"]
[BlackTeam "O.A.A. Heraklion"]
[WhiteFideId "4653530"]
[BlackFideId "14104385"]
[EventDate "2011.07.03"]

1. e4 c5 2. Nf3 e6 3. d4 cxd4 4. Nxd4 a6 5. Bd3 Bc5 6. Nb3 Be7 7. Qg4 g6 8. Qe2
d6 9. O-O Nd7 10. a4 Ne5 11. a5 Nf6 12. Be3 O-O 13. Nc3 Bd7 14. f4 Nxd3 15. cxd3
Bc6 16. Nd4 Re8 17. f5 gxf5 18. exf5 e5 19. Nxc6 bxc6 20. g4 Kh8 21. g5 Rg8 22.
Kh1 Nd7 23. f6 Bf8 24. Ne4 Rb8 25. Rf3 d5 26. Rh3 Rg6 27. Ng3 d4 28. Bc1 Nc5 29.
Qxe5 Nxd3 30. Qf5 Nxc1 31. Rxc1 Rb5 32. Qd3 Rbxg5 33. Rh4 c5 34. Rf1 Qd5+ 35.
Qe4 h6 36. Rhf4 Re5 37. Qxd5 Rxd5 38. Ne4 d3 39. Rf5 Rxf5 40. Rxf5 Rg4 41. Nd2
c4 42. h3 Rd4 0-1

[Event "39th TCh-GRE"]
[Site "Eretria GRE"]
[Date "2011.07.06"]
[Round "5.6"]
[White "Ris, Robert"]
[Black "Postny, Evgeny"]
[Result "0-1"]
[WhiteTitle "IM"]
[BlackTitle "GM"]
[WhiteElo "2395"]
[BlackElo "2618"]
[WhiteTeam "O.A.A. Heraklion"]
[BlackTeam "Heraklion CC"]
[WhiteFideId "1011480"]
[BlackFideId "2804344"]
[EventDate "2011.07.03"]

1. c4 Nf6 2. Nf3 c5 3. Nc3 Nc6 4. e3 d6 5. d4 Bg4 6. Be2 g6 7. O-O Bg7 8. b3
cxd4 9. Nxd4 Bxe2 10. Ncxe2 O-O 11. Bb2 a6 12. Qd2 Qd7 13. Rac1 Rfc8 14. Nc3
Nxd4 15. Qxd4 b5 16. Nd5 Qd8 17. cxb5 axb5 18. a3 Ne8 19. Qd2 Bxb2 20. Qxb2 e6
21. Nb4 Qf6 22. Qb1 Rc5 23. Nd3 Rc3 24. a4 bxa4 25. bxa4 Ra3 26. Rc4 R3xa4 27.
Rxa4 Rxa4 28. Qb8 Kf8 29. Nb2 Ra6 30. Qb7 Ra2 31. Nc4 Qc3 32. Nb6 Ra1 33. g3
Rxf1+ 34. Kxf1 Qc7 35. Qxc7 Nxc7 36. g4 Ke7 37. Ke2 d5 38. f4 Kd6 39. Nc8+ Kd7
40. Nb6+ Kc6 41. Nc8 Ne8 42. Kd3 f6 43. Kd4 Nd6 44. Ne7+ Kd7 45. Ng8 Ne4 46. Nh6
Kd6 47. Nf7+ Ke7 48. Nh6 Nd2 49. h3 Nf3+ 50. Kc5 Kf8 51. Kd6 Kg7 52. Kxe6 Kxh6
53. Kxf6 Ng1 54. h4 Nf3 55. h5 g5 56. Kf5 Nh4+ 57. Ke5 Ng2 58. Kxd5 gxf4 59.
exf4 Nxf4+ 60. Ke4 Kg5 0-1

[Event "39th TCh-GRE"]
[Site "Eretria GRE"]
[Date "2011.07.06"]
[Round "5.6"]
[White "Stavrianakis, Ioannis"]
[Black "Lirindzakis, Timotheos"]
[Result "1/2-1/2"]
[BlackTitle "IM"]
[WhiteElo "2270"]
[BlackElo "2338"]
[WhiteTeam "Heraklion CC"]
[BlackTeam "O.A.A. Heraklion"]
[WhiteFideId "4208412"]
[BlackFideId "4200381"]
[EventDate "2011.07.03"]

1. d4 d5 2. c4 c6 3. Nc3 Nf6 4. Nf3 dxc4 5. a4 Bf5 6. e3 e6 7. Bxc4 Bb4 8. O-O
O-O 9. Nh4 Nbd7 10. f3 Bg6 11. Nxg6 hxg6 12. e4 e5 13. Be3 Qe7 14. Ne2 exd4 15.
Nxd4 Bc5 16. Qc2 Ne5 17. Rad1 Nxc4 18. Qxc4 Rad8 19. Nf5 Bxe3+ 20. Nxe3 Rxd1 21.
Rxd1 Rd8 22. Rxd8+ Qxd8 23. Qc3 Qb6 24. Kf2 Nd7 25. b4 Nf6 26. a5 Qb5 27. Qd4 b6
28. axb6 axb6 29. e5 Nd5 30. Nxd5 cxd5 31. Qc3 Qd7 32. Ke3 1/2-1/2

[Event "39th TCh-GRE"]
[Site "Eretria GRE"]
[Date "2011.07.06"]
[Round "5.6"]
[White "Sperdokli, Elli"]
[Black "Markantonaki, Haritomeni"]
[Result "1-0"]
[WhiteTitle "WFM"]
[BlackTitle "WFM"]
[WhiteElo "2127"]
[BlackElo "2147"]
[WhiteTeam "O.A.A. Heraklion"]
[BlackTeam "Heraklion CC"]
[WhiteFideId "4205456"]
[BlackFideId "4207050"]
[EventDate "2011.07.03"]

1. e4 c5 2. Nf3 e6 3. b3 a6 4. Bb2 Nc6 5. c4 Qc7 6. Nc3 Nf6 7. g3 Be7 8. Bg2 O-O
9. O-O Rb8 10. d4 cxd4 11. Nxd4 Bc5 12. Na4 Bxd4 13. Bxd4 Nxd4 14. Qxd4 e5 15.
Qb6 Ne8 16. Qxc7 Nxc7 17. Nb6 Ne6 18. Bh3 Re8 19. Rad1 Ng5 20. Bxd7 Bxd7 21.
Nxd7 Rbc8 22. f3 f6 23. Rd5 Ne6 24. c5 Rcd8 25. b4 Nd4 26. Rf2 a5 27. a3 axb4
28. axb4 Ra8 29. f4 Ne6 30. fxe5 Ng5 31. Re2 fxe5 32. Kg2 Ra4 33. h4 Ne6 34. Rb2
Rea8 35. Nxe5 g5 36. Rd6 Ra2 37. Rxa2 Rxa2+ 38. Kh3 Nf8 39. hxg5 Re2 40. Nd7 Ng6
41. Nf6+ Kf7 42. Rd7+ Ke6 43. Rxb7 Ne5 44. Rxh7 Nf3 45. Rg7 Rh2+ 46. Kg4 Ne5+
47. Kf4 Nc4 48. Ng4 Rh1 49. Kf3 Nd2+ 50. Ke3 Re1+ 51. Kxd2 Rd1+ 52. Ke2 Re1+ 53.
Kf3 Rf1+ 54. Nf2 1-0

[Event "39th TCh-GRE"]
[Site "Eretria GRE"]
[Date "2011.07.06"]
[Round "5.6"]
[White "Dimopoulos, Dimitrios"]
[Black "Kolomvakis, Stelios"]
[Result "1/2-1/2"]
[WhiteElo "1946"]
[BlackElo "1752"]
[WhiteTeam "Heraklion CC"]
[BlackTeam "O.A.A. Heraklion"]
[WhiteFideId "4213459"]
[BlackFideId "4217500"]
[EventDate "2011.07.03"]

1. e4 c5 2. c3 Nf6 3. e5 Nd5 4. d4 cxd4 5. cxd4 Nc6 6. Nf3 e6 7. Bc4 Nb6 8. Bb3
d6 9. Qe2 d5 10. O-O Be7 11. a3 Bd7 12. Nc3 a6 13. Be3 Rc8 14. Nd2 O-O 15. Bc2
Re8 16. f4 g6 17. g4 Na5 18. f5 Bb5 19. Bd3 Bxd3 20. Qxd3 Nac4 21. Nxc4 Nxc4 22.
Rf2 Bg5 23. Bxg5 Qxg5 24. Qg3 Rf8 25. f6 b5 26. Re1 h5 27. gxh5 Qxg3+ 28. hxg3
g5 29. g4 Nxb2 30. Nxd5 Nd3 31. Ne7+ Kh7 32. Nxc8 Rxc8 33. Ree2 Nxf2 34. Kxf2
Rc4 35. Re4 a5 36. Ke2 Ra4 37. Re3 Rxd4 38. Kf3 b4 39. axb4 axb4 40. Re4 Rd3+
41. Ke2 Rd5 42. Rxb4 Rxe5+ 43. Kf2 Ra5 44. Rb7 Kg8 45. Rb8+ Kh7 46. Rf8 Ra7 47.
Kf3 Rb7 48. Kg3 1/2-1/2

[Event "39th TCh-GRE"]
[Site "Eretria GRE"]
[Date "2011.07.06"]
[Round "5.6"]
[White "Kelires, Andreas"]
[Black "Korniotis, Filippos"]
[Result "0-1"]
[WhiteElo "1825"]
[BlackElo "1724"]
[WhiteTeam "O.A.A. Heraklion"]
[BlackTeam "Heraklion CC"]
[WhiteFideId "5900727"]
[BlackFideId "4236912"]
[EventDate "2011.07.03"]

1. e4 e6 2. d4 d5 3. Nd2 c5 4. dxc5 Bxc5 5. Bd3 Ne7 6. Qe2 Nbc6 7. Ngf3 Nb4 8.
O-O Nxd3 9. cxd3 Bd7 10. Nb3 Bb6 11. Bg5 Bc6 12. e5 h6 13. Be3 Nf5 14. Nbd4 Nxe3
15. fxe3 O-O 16. Qf2 Qd7 17. Qg3 Bb5 18. Rad1 Rac8 19. Qg4 Ba6 20. Ne1 Qa4 21.
a3 Bxd4 22. exd4 Qb3 23. Qe2 Rc6 24. Rd2 Qa4 25. Nc2 Rfc8 26. Nb4 Rc1 27. Rxc1
Rxc1+ 28. Kf2 Bb5 29. Na2 Qxd4+ 30. Kg3 Rf1 31. Qxf1 Qe3+ 32. Qf3 Qxd2 33. Nc3
Qxd3 34. Qxd3 Bxd3 35. Kf3 f6 36. exf6 gxf6 37. Ke3 Bc4 38. Kd4 e5+ 39. Kc5 b6+
40. Kd6 d4 41. Ne4 Kf7 42. Nd2 Be6 43. b4 d3 44. a4 Ba2 45. a5 bxa5 46. bxa5 Be6
47. h3 a6 48. g4 Ba2 49. Kc6 Ke6 50. Kc5 Bd5 51. Kb6 e4 0-1

[Event "39th TCh-GRE"]
[Site "Eretria GRE"]
[Date "2011.07.06"]
[Round "5.7"]
[White "Hammer, Jon Ludvig"]
[Black "Berg, Emanuel"]
[Result "1/2-1/2"]
[WhiteTitle "GM"]
[BlackTitle "GM"]
[WhiteElo "2610"]
[BlackElo "2604"]
[WhiteTeam "Culture Club Florinas"]
[BlackTeam "Ptolemaida Ptolemaios CC"]
[WhiteFideId "1503707"]
[BlackFideId "1704060"]
[EventDate "2011.07.03"]

1. d4 Nf6 2. c4 g6 3. Nc3 Bg7 4. e4 d6 5. Be2 O-O 6. Nf3 e5 7. Be3 exd4 8. Nxd4
Re8 9. f3 c6 10. O-O d5 11. cxd5 cxd5 12. Qb3 Nc6 13. Rad1 Qa5 14. Qb5 Qc7 15.
Nxd5 Nxd5 16. Qxd5 Nxd4 17. Bxd4 Be6 18. Qb5 a6 19. Qb4 Bf8 20. Qc3 Qxc3 21.
bxc3 Bxa2 22. Ra1 Bd5 23. Bxa6 Bxe4 24. Bc4 Bc6 25. Rfb1 Bg7 26. Bxg7 Kxg7 27.
h4 Rxa1 28. Rxa1 Re3 29. Rc1 f5 30. Kf2 f4 31. Be2 Re5 32. Rg1 Rc5 33. c4 Kf6
34. g3 fxg3+ 35. Kxg3 Ra5 36. Kf2 Rh5 37. Rg4 Bd7 38. Rf4+ Ke7 39. Bd3 Be6 40.
Rd4 Ra5 41. Bf1 Ra4 42. Ke3 Bf5 43. Rd5 Ra3+ 44. Kf2 Bd7 45. Be2 Bc6 46. Rc5 h6
47. Re5+ Kf6 48. Re3 Ra1 49. Bf1 Ra2+ 50. Be2 Rc2 51. Kg3 Rc1 52. Rd3 Ke7 53.
Re3+ Kf6 54. Rd3 Ke7 55. Re3+ Kf6 1/2-1/2

[Event "39th TCh-GRE"]
[Site "Eretria GRE"]
[Date "2011.07.06"]
[Round "5.7"]
[White "Theodoulidis, Theodoros"]
[Black "Mastrovasilis, Athanasios"]
[Result "0-1"]
[BlackTitle "GM"]
[WhiteElo "2196"]
[BlackElo "2537"]
[WhiteTeam "Ptolemaida Ptolemaios CC"]
[BlackTeam "Culture Club Florinas"]
[WhiteFideId "4200810"]
[BlackFideId "4201990"]
[EventDate "2011.07.03"]

1. e4 c5 2. Nf3 e6 3. d4 cxd4 4. Nxd4 a6 5. Nc3 Qc7 6. a3 Nf6 7. Be3 Nc6 8. Be2
b5 9. Nxc6 dxc6 10. f4 e5 11. O-O Bd6 12. f5 Bb7 13. Qe1 Qe7 14. Rd1 Bc5 15. Bf3
O-O 16. Qf2 Bxe3 17. Qxe3 Rfd8 18. Rxd8+ Rxd8 19. Rd1 Rxd1+ 20. Nxd1 c5 21. Nf2
Qd6 22. Qd3 Qc7 23. g4 h6 24. h4 Qe7 25. Kg2 Nd7 26. Kg3 c4 27. Qe3 Qc5 28. Qxc5
Nxc5 29. g5 hxg5 30. hxg5 Kf8 31. Bg2 Na4 32. Nd1 f6 33. gxf6 gxf6 34. Kf3 Kg7
35. Kg4 Kh6 36. Kh4 Bc6 37. Kg4 Be8 38. Bf3 a5 39. Kh4 Bc6 40. Kg4 Nc5 41. Nf2
b4 42. axb4 axb4 43. Kh4 Bb5 44. Nd1 Bc6 45. Ne3 c3 46. bxc3 bxc3 47. Nd5 Bxd5
48. exd5 Nb7 49. Bh5 Nd6 50. Bg6 Nc4 51. Bf7 Ne3 52. Be6 Kg7 53. d6 Kf8 54. Kh5
Nxc2 55. Kg6 Nd4 56. Kxf6 c2 0-1